[Event "HUN-chT1 9596"]
[Site "HUN"]
[Date "1996.??.??"]
[Round "7"]
[White "Kerek, Krisztian"]
[Black "Kun, Sandor"]
[Result "1-0"]
[WhiteElo "2220"]
[BlackElo "2245"]

1.e4 g6 2.d4 Bg7 3.Nc3 d6 4.Bg5 c6 5.f4 Qb6 6.Nge2 Bg4 7.Rb1 Nd7 8.Bh4 Bxe2
9.Nxe2 Qa5+ 10.Nc3 Ngf6 11.Qd2 b5 12.b4 Qc7 13.Be2 O-O 14.e5 dxe5 15.fxe5 Nxe5
16.dxe5 Qxe5 17.Bg3 Qe6 18.O-O Rfd8 19.Bd3 Nd5 20.Nxd5 Qxd5 21.Qe2 e5 22.Bh4 Qd4+
23.Qf2 Qxf2+ 24.Rxf2 Rd6 25.Be7 Re6 26.Bc5 e4 27.Bf1 a5 28.c4 e3 29.Re2 axb4
30.Rxe3 Rxe3 31.Bxe3 Ra3 32.Bc5 bxc4 33.Bxc4 Rc3 34.Rxb4 Rc1+ 35.Kf2 Bc3
36.Rb8+ Kg7 37.Bf8+ Kf6 38.Bb3 Be5 39.Rb7  1-0

[Event "HUN-chT1 9596"]
[Site "HUN"]
[Date "1996.??.??"]
[Round "9"]
[White "Medvegy, Nora"]
[Black "Soponyai, Tamas"]
[Result "1-0"]
[WhiteElo "2235"]
[BlackElo "2110"]

1.e4 g6 2.d4 Bg7 3.Nc3 d6 4.f4 c6 5.Bc4 b5 6.Bb3 a5 7.a3 Qb6 8.Nf3 Na6 9.Be3 Nf6
10.Qe2 O-O 11.e5 Ng4 12.Bg1 d5 13.h3 Nh6 14.g4 a4 15.Ba2 b4 16.Nd1 Nc7 17.Be3 f5
18.g5 Nf7 19.axb4 Qxb4+ 20.c3 Qb6 21.h4 Ba6 22.Qd2 Rfb8 23.h5 Ne6 24.Qh2 Nh8
25.Qd2 Qb5 26.Bb1 Qc4 27.Bc2 Bb5 28.Qh2 Ba6 29.Rxa4 Qb5 30.hxg6 hxg6 31.Rb4 Qa5
32.Rxb8+ Rxb8 33.Kd2 Qb5 34.Kc1 Ra8 35.Qh7+ Kf7 36.Re1 Bc8 37.Qh2 Ra1+ 38.Kd2 Ba6
39.Qf2 Qb8 40.Qh2 Bc4 41.Qf2 Qb6 42.Rh1 Nf8 43.Ne1 Ke8 44.Nd3 Nf7 45.Nb4 Qb7
46.Qf3 Nd8 47.Nf2 Rxh1 48.Qxh1 Nfe6 49.b3 Bb5 50.Qa1 Nc7 51.Nfd3 Nde6 52.Nb2 Bf8
53.Qa5 Bf1 54.Bd3 Bg2 55.Na4 Bf3 56.Bf1 Be4 57.Be2 Bg2 58.Kc2 Be4+ 59.Kb2 Kf7
60.Nc5 Nxc5 61.Qxc5 e6 62.Qxc6 Qa7 63.Qd7+ Be7 64.Qxe7+  1-0

[Event "HUN-chT1 9596"]
[Site "HUN"]
[Date "1996.??.??"]
[Round "11"]
[White "Rovid, Kalman"]
[Black "Ozsvath, Andras"]
[Result "0-1"]
[WhiteElo "2385"]
[BlackElo "2290"]

1.e4 g6 2.d4 Bg7 3.Nc3 d6 4.g3 Nc6 5.Be3 Nf6 6.h3 O-O 7.Bg2 e5 8.Nge2 Bd7
9.O-O Qc8 10.Kh2 h5 11.d5 Ne7 12.f4 exf4 13.gxf4 Nh7 14.Bd4 Bh6 15.f5 c5
16.dxc6 Nxc6 17.Nd5 Qd8 18.Bc3 Ne5 19.f6 Re8 20.Nef4 Be6 21.Ne7+ Rxe7 22.Bxe5 Rd7
23.Bd4 Bg5 24.Qf3 Bc4 25.Nd3 Qa5 26.Bc3 Qc7 27.Qg3 h4 28.Qf2 Re8 29.Kh1 b5
30.Rad1 Re6 31.Bf3 Nxf6 32.Rg1 Bh6 33.Qxh4 Bg7 34.Nf4 Re5 35.Bxe5 dxe5 36.Rxd7 Qxd7
37.Rd1 Qc8 38.Ng2 Be6 39.Kh2 Nd7 40.b3 Bf6 41.Qf2 Kg7 42.Bg4 Bxg4 43.hxg4 Bg5
44.Qe2 Nf6 45.Kg3 b4 46.Rd3 Qa8 47.Kf3 Qh8 48.Kg3 Qh6 49.Qf3 Qh1 50.Kf2 Qc1
51.Ne3 Bf4 52.Ke2 Qg1 53.Rd1 Qh2+ 54.Kd3 Qh4 55.Rh1 Qg5 56.Qh3 Kf8 57.Nd5 Nxd5
58.exd5 e4+ 59.Kc4 e3 60.Qh8+ Ke7 61.Qd4 Qxg4 62.Qxa7+ Kf6 63.Qd4+ Kg5 64.Kxb4 e2
65.Kc4 Bg3  0-1

[Event "HUN-chT1 9697"]
[Site "Hungary"]
[Date "1996.??.??"]
[Round "1"]
[White "Anka, Emil"]
[Black "Dobos, Jozsef"]
[Result "1/2-1/2"]
[WhiteElo "2405"]
[BlackElo "2340"]

1.e4 g6 2.d4 Bg7 3.Nc3 d6 4.Be3 a6 5.Qd2 Nd7 6.a4 Ngf6 7.f3 O-O 8.Nh3 c5
9.d5 Ne5 10.Nf2 e6 11.Be2 exd5 12.exd5 Re8 13.O-O h5 14.Bg5 Qc7 15.h3 Nh7
16.Bh4 f5 17.g4 hxg4 18.hxg4 Qf7 19.Kg2 Bd7 20.g5 Qe7 21.Rae1 Qd8 22.Nh3 Qa5
23.Nf4 Qb4 24.Rh1 Nf8 25.Qc1 Re7 26.Bf2 Rae8 27.Rh4 Qa5 28.Reh1 b5 29.axb5 axb5
30.Ne6 Nxe6 31.dxe6 Bxe6 32.Qd1 Nf7 33.Bxb5 Qa8 34.Bxe8 Rxe8 35.Qd2 Ne5 36.Qf4 Bd7
37.Rh7 Bc6 38.Ne4 Nxf3 39.Qxd6 Nh4+ 40.R1xh4 Bxe4+ 41.Kg3 Be5+ 42.Qxe5 Rxe5
43.Rh8+ Kf7 44.Rxa8  1/2-1/2

[Event "HUN-chT1 9697"]
[Site "Hungary"]
[Date "1996.??.??"]
[Round "2"]
[White "Gyimesi, Zoltan"]
[Black "Poor, Istvan"]
[Result "1-0"]
[WhiteElo "2545"]
[BlackElo "2305"]

1.d4 g6 2.e4 Bg7 3.Nc3 d6 4.Be3 c6 5.Qd2 b5 6.f3 Nd7 7.g4 Nb6 8.b3 a5 9.Rd1 e6
10.Nce2 a4 11.Ng3 Qc7 12.Bd3 Bd7 13.N1e2 c5 14.c3 axb3 15.axb3 Ra3 16.Qb2 Ra8
17.h4 h6 18.Kf2 Ne7 19.Qd2 c4 20.bxc4 bxc4 21.Bc2 Ba4 22.Bxa4+ Rxa4 23.Rb1 d5
24.Rb5 Nec8 25.Rhb1 Qa7 26.Bf4 Bf6 27.Qe3 Ra5 28.Rxa5 Qxa5 29.Bc7 Qa7 30.Qf4 Bxh4
31.Bxb6 Nxb6 32.Qd6 Nc8 33.Rb8 Qd7 34.Qc5 Kd8 35.exd5 exd5 36.Nf4 Be7 37.Qa5+ Qc7
38.Qxd5+ Qd7 39.Rxc8+ Kxc8 40.Qa8+ Kc7 41.Nd5+  1-0

[Event "HUN-chT1 9697"]
[Site "Hungary"]
[Date "1996.??.??"]
[Round "2"]
[White "Dobos, Jozsef"]
[Black "Petran, Peter"]
[Result "1/2-1/2"]
[WhiteElo "2340"]
[BlackElo "2325"]

1.e4 g6 2.d4 Bg7 3.Nc3 d6 4.Be3 c6 5.Qd2 b5 6.Bd3 Nd7 7.Nf3 a6 8.Ne2 e5 9.c3 Bb7
10.O-O Ngf6 11.Bh6 O-O 12.Bxg7 Kxg7 13.Ng3 Ng8 14.Ng5 h6 15.Nh3 c5 16.Kh1 Qb6
17.d5 c4 18.Bc2 Rae8 19.f4 Bc8 20.f5 Ndf6 21.Rf3 Ne7 22.fxg6 fxg6 23.Raf1 Ng4
24.Bd1 Ng8 25.Rxf8 Rxf8 26.Rxf8 Kxf8 27.Bxg4 Bxg4 28.Nf2 Bd7 29.Nd1 Kg7 30.Ne3 Qd8
31.Nd1 Qh4 32.Qf2 Qf4 33.Qa7 Nf6 34.Ne3 h5 35.Ngf1 Qxe4 36.Qc7 h4 37.Qxd6 Qf4
38.Qe7+ Kh6 39.h3 Nxd5 40.Nxd5 Qxf1+ 41.Kh2 Qe1 42.Qf8+ Kg5 43.Qf6+ Kh6 44.Qf8+ Kg5
45.Qf6+  1/2-1/2

[Event "HUN-chT1 9697"]
[Site "Hungary"]
[Date "1996.??.??"]
[Round "5"]
[White "Sleisz, Tamas"]
[Black "Bodo, Norbert"]
[Result "1/2-1/2"]
[WhiteElo "2280"]
[BlackElo "2255"]

1.e4 g6 2.d4 Bg7 3.Nc3 d6 4.f4 c6 5.Nf3 Bg4 6.Be3 d5 7.e5 e6 8.h3 Bxf3 9.Qxf3 h5
10.g4 Qh4+ 11.Bf2 hxg4 12.Bxh4 gxf3 13.Bg5 Bh6 14.h4 Bxg5 15.fxg5 Ne7 16.Bd3 a6
17.Na4 Nd7 18.b4 b5 19.Nc5 Nxc5 20.bxc5 Nf5 21.Bxf5 exf5 22.Kf2 Kd7 23.Kxf3 a5
24.a4 b4 25.Rab1 Rab8 26.Rb3 Ke6 27.Kg3 Rb7 28.Kf4 Rbb8  1/2-1/2

[Event "Imperia op"]
[Site "Imperia"]
[Date "1996.??.??"]
[Round "3"]
[White "Pax, Horst"]
[Black "Sejkora, Vlastimil"]
[Result "0-1"]
[WhiteElo "2180"]
[BlackElo "2235"]

1.e4 g6 2.d4 Bg7 3.Nc3 d6 4.f4 Nc6 5.Nf3 Bg4 6.Be3 Bxf3 7.gxf3 e5 8.dxe5 dxe5
9.Qxd8+ Nxd8 10.Nd5 Ne6 11.Bh3 Rd8 12.Bxe6 fxe6 13.Nxc7+ Kf7 14.c3 a6 15.Rd1 Rxd1+
16.Kxd1 Ne7 17.Ke2 Rc8 18.Bb6 exf4 19.Rd1 Be5 20.Rd7 g5 21.Kd3 h5 22.h3 Kf6
23.Nxa6 bxa6 24.Bd8 Rxd8 25.Rxd8 Bc7 26.Rd7 Bb6 27.Rd6 Bg1 28.Rxa6 g4 29.fxg4 hxg4
30.hxg4 f3 31.g5+ Kxg5 32.Rxe6 Ng6 33.Rd6 Ne5+ 34.Kc2 Nc4 35.Rd5+ Kg4 36.Rd8 f2
37.Rg8+ Kf3 38.Rf8+ Kxe4 39.b4 Ne5 40.Rxf2 Bxf2 41.a4 Ke3 42.c4 Nxc4 43.Kc3 Ne5
44.a5 Ke4 45.Kb3 Kd5 46.Ka4 Kc4 47.b5 Nd7 48.a6 Bc5 49.a7 Bb4 50.a8=Q Nc5+  0-1

[Event "Imperia op"]
[Site "Imperia"]
[Date "1996.??.??"]
[Round "5"]
[White "Zlochevskij, Alexander"]
[Black "Biolek, Richard"]
[Result "1/2-1/2"]
[WhiteElo "2415"]
[BlackElo "2395"]

1.d4 g6 2.e4 Bg7 3.Nc3 d6 4.Nf3 Nf6 5.h3 O-O 6.Be3 c6 7.a4 Nbd7 8.Be2 e5
9.dxe5 dxe5 10.Nd2 Qc7 11.Nc4 Rd8 12.Qd6 Qxd6 13.Nxd6 Ne8 14.Nxc8 Rdxc8 15.O-O-O Nef6
16.Bg4 Rc7 17.Rd2 Kf8 18.Rhd1 Ke8 19.Bxd7+  1/2-1/2

[Event "Isle of Man op"]
[Site "Isle of Man"]
[Date "1996.??.??"]
[Round "1"]
[White "Markov, Jurij"]
[Black "Tkachiev, Vladislav"]
[Result "0-1"]
[WhiteElo "2420"]
[BlackElo "2620"]

1.e4 g6 2.d4 Bg7 3.Nc3 d6 4.Nge2 Nf6 5.g3 O-O 6.Bg2 Nbd7 7.O-O c5 8.h3 Rb8
9.a4 b6 10.Be3 cxd4 11.Bxd4 Bb7 12.g4 a6 13.Ng3 h6 14.Re1 Rc8 15.Bxf6 exf6
16.Qxd6 Ne5 17.Qxd8 Rfxd8 18.Rad1 Rxd1 19.Rxd1 Bf8 20.Nd5 Rxc2 21.Nxf6+ Kg7
22.Ne8+ Kg8 23.Nf6+ Kg7 24.Ne8+ Kh8 25.Nd6 Bc6 26.b3 Rc3 27.Ne2 Rxb3 28.f4 Rd3
29.Rxd3 Nxd3 30.e5 Bxa4 31.Nxf7+ Kg7 32.Nd6 Bxd6 33.exd6 Kf6 34.h4 Bd1 35.g5+ hxg5
36.fxg5+ Ke6 37.h5 gxh5 38.Bd5+ Kxd6 39.g6 Kxd5 40.g7 Bxe2 41.g8=Q+ Ke5 42.Qf8  0-1

[Event "ISR-chT"]
[Site "Israel"]
[Date "1996.??.??"]
[Round "5"]
[White "Krays, Alexander"]
[Black "Kanstler, Boris"]
[Result "1/2-1/2"]
[WhiteElo "2440"]
[BlackElo "2475"]

1.e4 g6 2.d4 Bg7 3.Nc3 d6 4.Bg5 a6 5.f4 b5 6.Nf3 Bb7 7.Bd3 Nd7 8.Ne2 c5 9.c3 cxd4
10.cxd4 Ngf6 11.Ng3 O-O 12.O-O Qb6 13.Kh1 e6 14.Qe2 h6 15.Bh4 Nh7 16.e5 Bxf3
17.Rxf3 Qxd4 18.Be7 dxe5 19.Rd1 Qa7 20.Bxf8 Rxf8 21.a4 bxa4 22.Bxa6 Nc5 23.Bb5 exf4
24.Rxf4 Nf6 25.Qf2 Qb6 26.Rc4 Qxb5 27.Qxc5 Qb3 28.Ra1 Nd5 29.Rcxa4 Bxb2 30.Ra8 Rxa8
31.Rxa8+ Kh7 32.Qf2 Nf6 33.h3 Be5 34.Nf1 Qd1 35.Qf3 Qd7 36.Ne3 h5 37.Nc4 Bd4
38.Rb8 Nd5 39.Rb1 Qc7 40.Nd2 Kg7 41.Ne4 Be5 42.Rf1 Qe7 43.g3 f5 44.Nf2 Qg5
45.Rg1 h4 46.gxh4 Qxh4 47.Nd3 Bd4 48.Rg2 Kf6 49.Rg4 Qh5 50.Nf4 Nxf4 51.Rxf4 Qxf3+
52.Rxf3 e5 53.Kg2 e4 54.Ra3 f4 55.Ra5 f3+ 56.Kg3 Bc3 57.Ra8 Ke5 58.Kf2 Bd4+
59.Kg3 Kd5 60.Rg8 Be5+ 61.Kf2 Bd4+ 62.Kg3  1/2-1/2

[Event "ISR-ch"]
[Site "Jerusalem"]
[Date "1996.??.??"]
[Round "5"]
[White "Zaltz, Dov"]
[Black "Tseitlin, Mark D"]
[Result "0-1"]
[WhiteElo "2260"]
[BlackElo "2540"]

1.e4 d6 2.d4 g6 3.Nc3 Bg7 4.Be3 a6 5.Nf3 b5 6.a4 b4 7.Na2 a5 8.Bd3 Nd7 9.O-O e6
10.Qd2 Bb7 11.Rfe1 Ngf6 12.Bh6 O-O 13.Bxg7 Kxg7 14.c4 e5 15.Nc1 Re8 16.d5 Nc5
17.Bc2 Qd7 18.Nb3 Nxb3 19.Bxb3 c5 20.Bc2 Nh5 21.g3 Bc8 22.Nh4 Qh3 23.Bd3 h6
24.Bf1 Qd7 25.Be2 Nf6 26.Bf3 Qe7 27.Ng2 Nh7 28.Bd1 Bh3 29.Qe3 Ra7 30.Bc2 Qf6
31.Rf1 Rae7 32.Rae1 Qg5 33.f3 f5 34.Rf2 Qf6 35.Qd2 Rf8 36.Ref1 f4 37.b3 Qg5
38.gxf4 Rxf4 39.Kh1 Bxg2+ 40.Rxg2 Qh4 41.Rg3 Nf6 42.Qg2 Qh5 43.Rh3 Rh4 44.Rxh4 Qxh4
45.f4 Qg4 46.Qd2 Qh3 47.Kg1 Ng4 48.f5 Rf7 49.Bd3 gxf5 50.exf5 Kf6 51.Kh1 e4
52.Qf4 exd3 53.Qxd6+ Kg5 54.Qf4+ Kh5 55.Rf3 Qh4 56.d6 Nf6 57.Qe3 Qe4 58.Qxe4 Nxe4  0-1

[Event "ISR-ch"]
[Site "Jerusalem"]
[Date "1996.??.??"]
[Round "8"]
[White "Finkel, Alexander"]
[Black "Zilberman, Yaacov"]
[Result "0-1"]
[WhiteElo "2505"]
[BlackElo "2525"]

1.e4 g6 2.d4 Bg7 3.Nc3 d6 4.f4 Nf6 5.Nf3 O-O 6.Bd3 Na6 7.O-O c5 8.d5 Bg4
9.Bc4 Nd7 10.h3 Bxf3 11.Rxf3 Nc7 12.a4 Rb8 13.Qd3 Re8 14.Be3 a6 15.Raf1 Qc8
16.e5 dxe5 17.d6 exd6 18.Bxf7+ Kxf7 19.Ne4 Kg8 20.Nxd6 Qd8 21.f5 gxf5 22.Rxf5 Re6
23.Rg5 Nf8 24.Nf5 Ng6 25.Qe2 Qe8 26.h4 Bf6 27.h5 Bxg5 28.Bxg5 Kh8 29.Qg4 Nd5
30.hxg6 Qxg6 31.Nh4 Qg8 32.Qf5 h6 33.c4 Qxg5 34.Qxe6 Nf4 35.Rxf4 exf4 36.Ng6+ Kg7
37.Ne5 Rf8 38.Qd7+ Kg8 39.Qd5+ Kh7 40.Qxb7+ Qg7 41.Qe4+ Kg8 42.Qd5+ Kh8 43.Qxc5 Re8
44.Nf3 Re2 45.Qc8+ Qg8 46.Qh3 Qe6 47.Qh4 Qb6+ 48.Kh1 Rxb2 49.Qxf4 Kg8 50.Qg4+ Kf8
51.Qf5+ Ke7 52.c5 Qf6 53.Qe4+ Kf8 54.Ne5 Qf1+ 55.Kh2 Re2 56.Qa8+ Ke7 57.Qb7+ Ke6
58.Nd3 a5 59.Qc6+ Kf7 60.Qd5+ Ke7 61.Qd6+ Ke8 62.Nf4 Re7 63.Qg6+ Rf7 64.Qg8+ Ke7
65.Nd5+ Ke6 66.Qd8 Qf2 67.Qd6+ Kf5 68.Kh3 Qe2 69.Kh2 Qe5+  0-1

[Event "Jyvaskyla op2"]
[Site "Jyvaskyla"]
[Date "1996.??.??"]
[Round "5"]
[White "Sepp, Olav"]
[Black "Nouro, Mikael"]
[Result "1-0"]
[WhiteElo "2440"]
[BlackElo "2275"]

1.e4 g6 2.d4 Bg7 3.Nc3 d6 4.Nge2 Nf6 5.g3 O-O 6.Bg2 e5 7.O-O Nc6 8.dxe5 dxe5
9.Bg5 Be6 10.Nd5 Bxd5 11.exd5 Ne7 12.c4 h6 13.Bd2 c5 14.b4 cxb4 15.Bxb4 Rc8
16.Qb3 b6 17.Bh3 Nd7 18.Qa3 Re8 19.Qxa7 Nf5 20.d6 Rxc4 21.a3 Nc5 22.Bxf5 gxf5
23.Rad1 Bf8 24.d7 Re7 25.Qxb6 Qxb6 26.d8=Q Qc6 27.Rd6 Qc7 28.Rfd1 Nb7 29.Qxc7 Rexc7
30.Rf6 Bxb4 31.axb4 Rxb4 32.Rxf5 Rc2 33.Rxe5 Rbb2 34.Kf1 Kg7 35.Rc1 Nc5 36.Rxc2 Rxc2
37.Nf4 Kf6 38.Rh5 Kg7 39.Re5 Kf6 40.Re3 Ra2 41.Kg2 Nd7 42.Rd3 Ne5 43.Rd6+ Kg7
44.Nh5+ Kh7 45.Rf6 Ra7 46.h3 Re7 47.Ra6 Nd3 48.Nf6+ Kg7 49.Ng4 Re6 50.Rxe6 fxe6
51.Kf3 h5 52.Ne3 Kf6 53.Ng2 Ne5+ 54.Ke4 Nf7 55.h4 Nd6+ 56.Kd4 Nf5+ 57.Kd3 e5
58.Ke4 Nd6+ 59.Kf3 Kf5 60.Ne3+ Kf6 61.Nd5+ Kf5 62.Nc3 Ke6 63.Ne4 Nb5 64.Ke3 Kf5
65.f3 Nd4 66.g4+ hxg4 67.Ng3+ Kf6 68.fxg4 Nc2+ 69.Kd2 Nd4 70.Ne4+ Kg6 71.Ke3 Nc2+
72.Kf2 Nd4 73.h5+ Kg7 74.g5 Ne6 75.Kg3 Nf4 76.Kg4 Kf7 77.Nf6 Ke6 78.h6 Ng6
79.Nh5 Ne7 80.Ng7+ Kf7 81.Nf5 Ng6 82.Nh4 Ne7 83.Kh5 e4 84.Kg4 Nd5 85.g6+ Kf6
86.h7 Kg7 87.Nf5+ Kh8  1-0

[Event "IND-ch"]
[Site "Kasaragod"]
[Date "1996.??.??"]
[Round "8"]
[White "Chatterjee, Laltu"]
[Black "Koshy, Varugeese"]
[Result "1-0"]
[WhiteElo "2240"]
[BlackElo "2410"]

1.e4 g6 2.d4 Bg7 3.Nc3 d6 4.f4 Nf6 5.Nf3 c5 6.dxc5 Qa5 7.Bd3 Qxc5 8.Qe2 O-O
9.Be3 Qa5 10.O-O Bg4 11.Qe1 Nc6 12.a3 Nd7 13.b4 Qd8 14.Rd1 Rc8 15.Ne2 e5
16.f5 gxf5 17.exf5 d5 18.Qg3 Nf6 19.b5 Bxf3 20.Rxf3 e4 21.Bh6 Nh5 22.Bxg7 exf3
23.Qxf3 Nxg7 24.bxc6 Rxc6 25.Nf4 Rd6 26.Kh1 Re8 27.Qg3 Kh8 28.Qh3 Qf6 29.Rf1 h6
30.Qf3 Re5 31.Qf2 b6 32.Qd2 Kh7 33.Ng6 Re8 34.Nf4 d4 35.Ne6 Kg8 36.Qb4 Nxf5  1-0

[Event "Koszalin op"]
[Site "Koszalin"]
[Date "1996.??.??"]
[Round "9"]
[White "Kislov, Sergey"]
[Black "Urban, Klaudiusz"]
[Result "0-1"]
[WhiteElo "2335"]
[BlackElo "2440"]

1.e4 g6 2.d4 Bg7 3.Nc3 d6 4.f4 Nf6 5.Nf3 O-O 6.Bd3 Na6 7.O-O c5 8.d5 Rb8
9.a4 Nb4 10.Bc4 e6 11.Re1 exd5 12.Nxd5 Nbxd5 13.exd5 b6 14.Rb1 a6 15.b4 cxb4
16.Nd4 Bb7 17.Nc6 Bxc6 18.dxc6 b5 19.axb5 d5 20.Bd3 axb5 21.Be3 Qd6 22.Qf3 Qxc6
23.Rxb4 Rfe8 24.Reb1 Qe6 25.Ba7 Ra8 26.f5 Qe7 27.Bd4 Ne4 28.fxg6 hxg6 29.Qe3 Nc3
30.Qxe7 Bxd4+ 31.Rxd4 Rxe7 32.Rb3 Ne2+ 33.Bxe2 Rxe2 34.h3 Rxc2 35.Rxd5 Raa2
36.Rg5 Rab2 37.Rgxb5 Rxg2+ 38.Kh1 Rh2+ 39.Kg1 Rbg2+ 40.Kf1 Rc2 41.Kg1 Rhg2+
42.Kh1 Rgd2 43.Rg5 Kg7 44.Rgg3 Kh6 45.Rbf3 f5 46.Rf1 Kh5 47.Kg1 Ra2 48.Kh1 Rdb2
49.Kg1 Rh2 50.Rf4 Rhb2 51.Rf1 Rd2 52.Kh1 Rf2 53.Rxf2 Rxf2 54.Kg1 Ra2 55.Kh1 g5
56.Rf3 f4  0-1

[Event "Krasnodar op"]
[Site "Krasnodar"]
[Date "1996.??.??"]
[Round "5"]
[White "Bezgodov, Alexei"]
[Black "Kondenko, Alexey"]
[Result "1-0"]
[WhiteElo "2485"]
[BlackElo "2230"]

1.e4 g6 2.d4 Bg7 3.Nc3 d6 4.Be3 c6 5.Qd2 b5 6.f3 Nd7 7.Nh3 Nb6 8.Nf2 h5 9.Be2 Nf6
10.O-O O-O 11.Bh6 Nc4 12.Bxc4 bxc4 13.Bxg7 Kxg7 14.Rfe1 Rb8 15.b3 Ba6 16.Rad1 Qc7
17.e5 Nd5 18.Nfe4 Qa5 19.exd6 exd6 20.Nxd5 Qxd5 21.Qf4 cxb3 22.axb3 Rbe8
23.Nxd6 Re2 24.c4 g5 25.Nf5+ Kf6 26.Ne3+ gxf4 27.Nxd5+ cxd5 28.Rxe2 dxc4
29.Ra2 Bb5 30.bxc4 Bxc4 31.Rxa7 Rg8 32.d5 Be2 33.Rd4  1-0

[Event "Krasnodar op"]
[Site "Krasnodar"]
[Date "1996.??.??"]
[Round "6"]
[White "Dmitriev, Igor"]
[Black "Balashov, Yuri S"]
[Result "0-1"]
[WhiteElo "2395"]
[BlackElo "2480"]

1.e4 g6 2.d4 Bg7 3.Nc3 d6 4.h3 Nf6 5.Be3 a6 6.g4 Nfd7 7.a4 c5 8.d5 Qa5 9.Bd2 O-O
10.f4 e6 11.Bg2 Qd8 12.Qf3 exd5 13.exd5 b5 14.axb5 Bb7 15.Nge2 Nb6 16.bxa6 Nxa6
17.O-O Nb4 18.Rxa8 Bxa8 19.f5 N4xd5 20.Ne4 Nf6 21.N2g3 Nxe4 22.Nxe4 Nc4 23.Bc1 d5
24.Nc3 d4 25.Ne4 Nd6 26.Qf4 Nxe4 27.Bxe4 Bxe4 28.Qxe4 Re8 29.Qf3 Qc7 30.b3 c4
31.fxg6 hxg6 32.bxc4 Qxc4 33.Qb3 Rc8 34.Bg5 Qxb3 35.cxb3 Rc3 36.Rb1 Be5 37.h4 f6
38.Bd2 Rg3+ 39.Kf2 Rxg4 40.b4 Rxh4 41.Rb3 Rh2+ 42.Ke1 g5 43.b5  0-1

[Event "Lahti op"]
[Site "Lahti"]
[Date "1996.??.??"]
[Round "3"]
[White "Hermlin, Aarne"]
[Black "Lindstedt, Johan"]
[Result "1-0"]
[WhiteElo "2295"]
[BlackElo "2310"]

1.Nc3 g6 2.e4 Bg7 3.d4 d6 4.Nf3 Nf6 5.Bf4 c6 6.Qd2 Qa5 7.O-O-O b5 8.e5 b4
9.exf6 bxc3 10.Qxc3 Qf5 11.fxg7 Qxf4+ 12.Kb1 Rg8 13.d5 c5 14.h4 h5 15.g3 Qf6
16.Qxf6 exf6 17.Bb5+ Kd8 18.Rhe1 Bd7 19.Bc6 Nxc6 20.dxc6 Be6 21.Rxd6+ Kc7
22.Rd3 Rxg7 23.Rc3 Bd5 24.Rd1 Rd8 25.Kc1 Rgg8 26.Nd2 Kxc6 27.b4 Bxa2 28.Rxc5+ Kb6
29.c4 Rd3 30.Rb5+ Kc6 31.Rc5+ Kb6 32.Rb5+ Kc6 33.Ra5 Bb3 34.Ra3 Bxd1 35.Rxd3 Bg4
36.Ra3 Kb6 37.Ne4 Rd8 38.Nd6 Ra8 39.c5+ Kc6 40.Ra6+ Kd5 41.Kd2 Be6 42.Kc3 g5
43.Nb5 Rd8 44.Rxa7 Ke4 45.Nd6+ Kf3 46.Nxf7 Rd1 47.hxg5 Ke2 48.b5 Rc1+ 49.Kb4 Rc4+
50.Ka5 Rxc5 51.Re7  1-0

[Event "Las Palmas op"]
[Site "Las Palmas"]
[Date "1996.??.??"]
[Round "6"]
[White "Rodriguez Lopez, Rafael"]
[Black "Todorcevic, Miodrag"]
[Result "1-0"]
[WhiteElo "2410"]
[BlackElo "2460"]

1.e4 g6 2.d4 Bg7 3.Nc3 d6 4.Be3 c6 5.Qd2 Nd7 6.Nge2 b5 7.a4 b4 8.Nd1 a5 9.Nc1 Ngf6
10.f3 O-O 11.c4 c5 12.Nb3 cxd4 13.Bxd4 Bb7 14.Bd3 Bc6 15.Nc1 Nc5 16.b3 e5
17.Bf2 Nh5 18.Rb1 f5 19.exf5 gxf5 20.Bc2 Nf4 21.O-O Bh6 22.Kh1 Rf6 23.Bh4 Ra7
24.Ne3 Ng6 25.Bxf6 Qxf6 26.Nd5 Qf8 27.Qf2 Rg7 28.Ne2 Bg5 29.Rbd1 f4 30.g3 Kh8
31.gxf4 Bxd5 32.Rxd5 Bxf4 33.Rg1 Qf6 34.Nxf4 Nxf4 35.Rxg7 Kxg7 36.Rd1 Kf8
37.Qg3 Ne2 38.Qg4 Nd4 39.Rg1 Ke7 40.Be4 Nxe4 41.fxe4 Nxb3 42.Qh3  1-0

[Event "Las Palmas op"]
[Site "Las Palmas"]
[Date "1996.??.??"]
[Round "8"]
[White "Fernandez Garcia, Jose L"]
[Black "Lezcano Jaen, Pedro"]
[Result "1-0"]
[WhiteElo "2490"]
[BlackElo "2320"]

1.e4 g6 2.d4 Bg7 3.Nc3 d6 4.f4 Nf6 5.Nf3 O-O 6.Be2 Na6 7.e5 Ng4 8.h3 Nh6
9.g4 c5 10.Be3 cxd4 11.Qxd4 Qa5 12.O-O-O Bd7 13.a3 Rfd8 14.Qd5 b5 15.Nxb5 dxe5
16.Nc3 Qc7 17.Bxa6 exf4 18.Qc5 Qc6 19.Nd5 Qxa6 20.Nxe7+ Kh8 21.Bd4 Ng8 22.Bxg7+ Kxg7
23.Qd4+ Qf6 24.Nxg8  1-0

[Event "Laukaa op"]
[Site "Laukaa"]
[Date "1996.??.??"]
[Round "3"]
[White "Norri, Joose"]
[Black "Luukkonen, Tommi"]
[Result "1-0"]
[WhiteElo "2365"]
[BlackElo "2100"]

1.d4 g6 2.e4 Bg7 3.Nc3 d6 4.Be3 a6 5.Bc4 b5 6.Bb3 Nf6 7.f3 Nbd7 8.a4 b4 9.Nd5 Rb8
10.Nxf6+ exf6 11.Ne2 O-O 12.Qd2 c5 13.Bf4 Rb6 14.a5 Rb5 15.Bxd6 Re8 16.Ba4 Rxa5
17.dxc5 f5 18.Qxb4 fxe4 19.fxe4 Qh4+ 20.Ng3 Bxb2 21.O-O Bxa1 22.Rxa1 Qf6
23.Rf1 Rxa4 24.Qxa4 Qc3 25.e5 Qe3+ 26.Kh1 h5 27.Qc4 Re6 28.Ne4 h4 29.c6 Nb6
30.Qd3 Qxd3 31.cxd3 Nd5 32.Ng5 Re8 33.Rxf7 Bf5 34.Rb7 Bxd3 35.c7 Bf5 36.e6 Nxc7
37.Bxc7 Bxe6 38.Nxe6 Rxe6 39.Kg1 Rc6 40.Be5 Rc1+ 41.Kf2 Rc2+ 42.Kf3 Rc5 43.Ke4 Rc6
44.Kd5  1-0

[Event "NLD-ch stud Leeuwarden"]
[Site "Leeuwarden"]
[Date "1996.??.??"]
[Round "1"]
[White "Lemmers, Oscar"]
[Black "Van Wissen, Michiel E"]
[Result "1-0"]
[WhiteElo "2360"]
[BlackElo "2160"]

1.e4 d6 2.d4 g6 3.Nc3 Bg7 4.f4 Nf6 5.Nf3 c5 6.Bb5+ Bd7 7.e5 Ng4 8.e6 Bxb5
9.exf7+ Kd7 10.Ng5 h5 11.h3 Nh6 12.Qf3 Nc6 13.d5 Nd4 14.Qe4 Bc4 15.b3 Qa5
16.Bd2 Nxb3 17.cxb3 Bxc3 18.Rd1 Ba6 19.Qe6+ Kd8 20.Qxg6 Bxd2+ 21.Rxd2 Qc3
22.Qe4 h4 23.Ne6+ Kc8 24.f8=Q+ Rxf8 25.Nxf8 Qc1+ 26.Rd1 Qc3+ 27.Kf2  1-0

[Event "Leiner op"]
[Site "Leiner"]
[Date "1996.??.??"]
[Round "1"]
[White "Kuba, Guenter"]
[Black "Kosanski, Stanko"]
[Result "0-1"]
[WhiteElo "2160"]
[BlackElo "2385"]

1.e4 g6 2.d4 Bg7 3.Nc3 d6 4.Be3 c6 5.Qd2 b5 6.a3 a6 7.Nf3 Nd7 8.Be2 Bb7 9.O-O Qc7
10.Rad1 Ngf6 11.Bf4 e5 12.Bh6 O-O 13.Bxg7 Kxg7 14.Qg5 a5 15.dxe5 dxe5 16.Nh4 b4
17.Rd6 bxc3 18.Rxf6 Qd8 19.Qh6+ Kxf6 20.Nf5 Nb6 21.f4 Ke6 22.Bg4 Kd7 23.Rd1+ Nd5
24.exd5 cxd5 25.Ne3+ Kc7 26.bxc3 Qd6 27.Bf3 e4 28.Be2 Rad8 29.Qg5 f6 30.Qg3 g5
31.fxg5 Qxg3 32.hxg3 fxg5 33.g4 Rf6 34.Nf5 Kb8 35.Nd4 Rc8 36.c4 dxc4 37.Rb1 Rc5
38.c3 Kc8 39.a4 Bc6 40.Bd1 Bd7 41.g3 h5 42.gxh5 g4 43.Bc2 Rxh5 44.Bxe4 Re5
45.Re1 Kc7 46.Kg2 Bxa4 47.Ra1 Bd7  0-1

[Event "Leiner op"]
[Site "Leiner"]
[Date "1996.??.??"]
[Round "7"]
[White "Gazik, Igor"]
[Black "Stuhlik, Marko"]
[Result "1-0"]
[WhiteElo "2380"]
[BlackElo "2225"]

1.e4 g6 2.d4 Bg7 3.Nc3 d6 4.Be3 a6 5.Qd2 Nd7 6.a4 b6 7.g4 Bb7 8.h4 e5 9.d5 Ngf6
10.f3 h6 11.Nge2 Ng8 12.Ng3 Ne7 13.Ra3 Kf8 14.h5 g5 15.Be2 Bf6 16.a5 Kg7
17.O-O b5 18.Na2 Qb8 19.b4 Rd8 20.Rd3 Nf8 21.Rc1 c6 22.Bb6 Rd7 23.c4 bxc4
24.Rxc4 cxd5 25.exd5 Qe8 26.Bd1 Rc8 27.Rxc8 Qxc8 28.Bb3 Qa8 29.Nc3 Bc8 30.Ba4 Rb7
31.Bc6 Nxc6 32.dxc6 Rxb6 33.axb6 Qxc6 34.Nd5 Bd8 35.Kg2 Be6 36.Ne3 d5 37.Nxd5 Bxb6
38.Nxb6 Qxb6 39.Qc3 f6 40.Qc5 Qb7 41.Rd8 Qf7 42.Qd6 e4 43.Nxe4  1-0

[Event "Leiner op"]
[Site "Leiner"]
[Date "1996.??.??"]
[Round "9"]
[White "Rogulj, Branko"]
[Black "Thiede, Lars"]
[Result "1-0"]
[WhiteElo "2415"]
[BlackElo "2320"]

1.e4 g6 2.d4 Bg7 3.Nc3 d6 4.f4 a6 5.Nf3 b5 6.a4 b4 7.Nd5 c5 8.a5 Nd7 9.dxc5 Nxc5
10.Nb6 Rb8 11.e5 Bb7 12.Be3 Nh6 13.Bxc5 dxc5 14.Bc4 Qc7 15.O-O Nf5 16.Qe2 O-O
17.c3 bxc3 18.bxc3 h5 19.Rfd1 Rbd8 20.Rxd8 Qxd8 21.Rd1 Qc7 22.Rd7 Qb8 23.Ng5 Bc6
24.Bxf7+ Rxf7 25.Qa2 Nh6 26.Nxf7 Bxd7 27.Nxd7 Qc7 28.Nxh6+ Kh7 29.Nf8+ Kxh6
30.Qg8 Bxf8 31.Qh8+  1-0

[Event "Leon-B"]
[Site "Leon"]
[Date "1996.??.??"]
[Round "4"]
[White "Izeta Txabarri, Felix"]
[Black "Strikovic, Aleksa"]
[Result "1/2-1/2"]
[WhiteElo "2470"]
[BlackElo "2520"]

1.d4 d6 2.e4 g6 3.Nc3 Bg7 4.Be3 c6 5.Qd2 Nd7 6.Nf3 e5 7.dxe5 dxe5 8.O-O-O Qe7
9.Ng5 Ngf6 10.f3 O-O 11.h4 Nc5 12.h5 Nxh5 13.Nxh7 Kxh7 14.g4 Ne6 15.gxh5 g5
16.Bh3 Nf4 17.Bxc8 Rfxc8 18.Qd7 Rc7 19.Qf5+ Kh6 20.Rd2 Qe6 21.Qg4 Bf8 22.Rhd1 b6
23.Kb1 Be7 24.Ne2 Nxe2 25.Rxe2 Rd8 26.Rxd8 Bxd8 27.Rg2 Rd7 28.Bxg5+ Kh7 29.Rd2 Rxd2
30.Bxd2 Qf6 31.a3 b5 32.Kc1 a5 33.Kd1 a4 34.Ke2 Be7 35.Qf5+ Qxf5 36.exf5 f6
37.Kd3 Bf8 38.c4 Bh6 39.Bc3 Bc1 40.cxb5 cxb5 41.Ke4 Kh6 42.Kd5 Kxh5 43.Kc5 Kg5
44.Kxb5 Kxf5 45.Kxa4 Kf4 46.b4 Kxf3 47.b5 Be3 48.Ka5 Bd4 49.Bb4 e4 50.a4 f5
51.b6 f4 52.Bd6 e3 53.b7 e2 54.b8=Q e1=Q+ 55.Ka6 Qe6 56.Qb7+ Kf2 57.Qc6 Qe2+  1/2-1/2

[Event "Anibal op 3rd"]
[Site "Linares"]
[Date "1996.??.??"]
[Round "?"]
[White "Kolev, Atanas"]
[Black "Nogueiras, Jesus"]
[Result "0-1"]
[WhiteElo "2510"]
[BlackElo "2555"]

1.e4 d6 2.d4 g6 3.Nc3 Bg7 4.Nf3 Nf6 5.Be2 O-O 6.O-O Nc6 7.d5 Nb8 8.a4 e5
9.dxe6 Bxe6 10.Nd4 Bd7 11.Bg5 h6 12.Be3 Re8 13.Qd2 Nc6 14.Bf3 Kh7 15.Rad1 Ne5
16.Be2 Neg4 17.Bxg4 Nxg4 18.Bf4 Ne5 19.b3 a6 20.Kh1 Nc6 21.Be3 Ne7 22.Nde2 Nc6
23.Nd4 Ne7 24.f3 f5 25.exf5 gxf5 26.Nde2 Ng6 27.Bd4 Qg5 28.f4 Qe7 29.Ng3 Bxd4
30.Qxd4 Qg7 31.Qd2 Ne7 32.Rde1 Qf7 33.Qd3 Bc6 34.Re3 Rg8 35.Qe2 Ng6 36.Qh5 Bxg2+
37.Kg1 Bxf1 38.Kxf1 Rgf8 39.Nce2 Ne7 40.Qh3 Nc6 41.Nh5 Rae8 42.Rxe8 Rxe8
43.Qh4 Rf8  0-1